000
00319nam a22001337a 4500
008
170614b xxu||||| |||| 00| 0 eng d
020
_a
0804701415
041
_a
eng
080
_a
94
100
_a
17
101
_a
SHH
245
_a
ANTONIO GRAMSCI AND THE ORIGINS OF ITALIAN COMMUNISM
_c
CAMMETT,J,M
942
_2
udc
_c
BK
999
_c
17356
_d
17356